MDQL
is popping MORE tags! Check the
thread
!
Quizzes
Events
Quiz Creation
Community
Videos
Private Events
Remove Ads
Sign In
Join for FREE
Feedback
Dark Mode
Quiz Categories
Sports
Geography
Music
Movies
Television
Just For Fun
Miscellaneous
History
Literature
Language
Science
Gaming
Entertainment
Religion
Holiday
For Kids
Quiz Lab
Recent
Popular Today
Quiz Kudos Today
Editor Picks
Curator Picks
Quizzes by...
Day
Popularity
Type
Ratings
Length
Year
Community
Subscriptions
Recent Discussions
Orange Saloon
Badges
Playlists
Quests
Create
Leaderboards
Showdown
Live 5
Trivia Bingo
Activity
Puzzle Library
Sporcle Events
Private Events
Virtual Trivia
Globe League
Become a Host
Pub Owners
SporcleCon
Opinionation
Our Games
Videos
Blog
Mobile Apps
Partnerships
Remove Ads and Go Orange
Feedback
Geography
Country
Landmarks
City
State
Population
World
Capital
Continent
Flags
Europe
Africa
Asia
South America
North America
Oceania
Border
Canada
United Kingdom
Topography
United States
Geography
Country
Landmarks
City
State
Population
World
Capital
Continent
Flags
Europe
Africa
Asia
South America
North America
Oceania
Border
Canada
United Kingdom
Topography
United States
Random Quiz
Search Sporcle
×
Quiz Lab
Quiz Lab
Geography
Numbers
Type in answers that appear in a list
Type in answers that appear in a list
Classic
Best Score? Go Orange.
Pennsylvania Turnpike Exits Stats
Can you name the Pennsylvania Turnpike Exits?
By
elle317K
10m
31 Questions
714 Plays
714 Plays
714 Plays
Comments
Comments
Give Quiz Kudos
Give Quiz Kudos
-
- Ratings
hide this ad
Replay
Link that replays current quiz
Next Quiz
Link to next quiz in quiz playlist
You Got
0%
They Got
Avg Score
52%
Avg Friend Score
Upgrade to see
Score Distribution
Jump to the score distribution portion of the page
Score
0/31
Timer
10:00
0
Plays Today
Exit Number
Exit Name
% Correct
57
Pittsburgh
89.9%
242
Harrisburg West
88.1%
247
Harrisburg East
88.1%
351
Philadelphia
81.2%
266
Lebanon-Lancaster
73.5%
326
Valley Forge
70.6%
226
Carlisle
64.4%
286
Reading
63%
110
Somerset
62.6%
146
Bedford
61.1%
161
Breezewood
58.5%
236
Gettysburg Pike
54.2%
2
Gateway
52.2%
75
New Stanton
51%
359
Delaware River Bridge
49.7%
298
Morgantown
47.3%
Exit Number
Exit Name
% Correct
91
Donegal
46.6%
67
Irwin
46.5%
312
Downingtown
46.2%
333
Norristown
45.7%
201
Blue Mountain
43%
28
Cranberry
42.7%
343
Willow Grove
41.9%
339
Fort Washington
41.6%
180
Fort Littleton
34%
48
Allegheny Valley
33.3%
10
New Castle
32.6%
189
Willow Hill
30.4%
13
Beaver Valley
29.6%
39
Butler Valley
28%
358
Delaware Valley
25.4%
Quiz Playlist
Details
Report
Send in Message
Add To Playlist
Classic:
Type in answers that appear in a list
Last Updated: Feb 16, 2017
Quiz Scoreboard
CHALLENGE
Sign Up to Join the Scoreboard
Show All
Scores
Hide
Comments
May contain spoilers
Recently Published
Two Season TV Shows II
by 123Four
Television
10m
Image Sorting: Flags VI
by Barbecue
Geography
2m
Find the 'City' Movie
by crazypaving
Movies
60s
More to Explore
Quiz From the Vault
Featured Blog Post
14 Easter Pick-up Lines to Find Eggs With
hide this ad
You Might Also Like...
Tags
Numbers Quiz
Exit
Pennsylvania
Pennsylvania Turnpike
Turnpike
Today's Top Quizzes in Geography
Browse Geography
hide this ad
Today's Top Quizzes in Numbers
Browse Numbers
Top Contributed Quizzes in Geography
1
Colored Red Europe Blitz I
2
Countries of the World - No Outlines Minefield
3
Colored Red Africa Blitz II
4
Colored Red Europe Blitz II
5
Colored Red Europe Blitz III
6
Colored Red Africa Blitz III
7
Colored Red States Blitz I
8
Colored Red States Blitz II
9
A Different View: World Oceans
10
Colored Red States Blitz III
Explore More
Trending Topics
Crossword
Anime
Marvel
Harry Potter
NBA
Kpop
Disney
Pokémon
Song
Soccer
Country
The Office
Puzzle
WWE
NFL
hide this ad
More By:
elle317K
Quiz
Plays
Rating
Category
Featured
Created
Pennsylvania Turnpike Exits
714
4.00
Geography
Oct 25, 2009
Go to Creator's Profile
Score Distribution
Quiz Creator Spotlight
elle317K
Follow
Send a Message
Quizzes Created
-
Created Quiz Play Count
-
More By This Creator
Popular Quizzes Today
1
Find the US States - No Outlines Minefield
2
Colored Red Africa Blitz
3
Find the 'City' Movie
4
5x2 Blitz: Bands
5
The Countries of the World
6
Find the Countries of Europe - No Outlines Minefield
7
Find the US States
8
US States
More Geography Quizzes
Click the Idaho Counties! (Map)
Quiz Lab
Trending Quizzes
Colored Red Europe Blitz I
Colored Red Africa Blitz II
Colored Red Europe Blitz II
Even More Two Season TV Shows
Colored Red Africa Blitz III
Recently Updated
March Madness Men's Triple Doubles
pecheneg
How Do You Spell That?
pecheneg
Godzilla Movies
pecheneg
Grab Bag: 4-10 Letters
pecheneg
2024 March Madness Bracket
pecheneg
Famous TV Couples
Peacemaker
Champions League XIs: Real Madrid
pecheneg
Largest US Cities 1790-2010
pecheneg
Rides in Walt Disney World
pecheneg
Most Oscar Losses (Acting)
pecheneg
Trending Topics
NBA
Harry Potter
Kpop
Marvel
Disney
Crossword
Anime
Song
WWE
Country
NFL
Soccer
Puzzle
The Office
Pokémon
Your Account Isn't Verified!
In order to create a playlist on Sporcle, you need to verify the email address you used during registration. Go to your
Sporcle Settings
to finish the process.
Report this User
Report this user for behavior that violates our
Community Guidelines
.
Details:
Send Report
Go to the Sporcle.com Mobile Site →
Comments